Notas sobre las máscaras, danzas y fiestas de Michoacán (Record no. 10302)

MARC details
000 -CABECERA
campo de control de longitud fija 01194nam a2200313 a 4500
001 - NÚMERO DE CONTROL
campo de control BRL_1492
005 - FECHA Y HORA DE LA ÚLTIMA TRANSACCIÓN
campo de control 20190320211232.0
008 - DATOS DE LONGITUD FIJA--INFORMACIÓN GENERAL
campo de control de longitud fija 270114s1985----mx-abo####---#000-0#spa-#
020 ## - NÚMERO INTERNACIONAL ESTÁNDAR DEL LIBRO
Número Internacional Estándar del Libro 9686670211
041 ## - CÓDIGO DE LENGUA
Código de lengua del texto/banda sonora o título independiente spa
044 ## - CÓDIGO DEL PAÍS DE LA ENTIDAD EDITORA/PRODUCTORA
Código MARC del país mx
050 #4 - SIGNATURA TOPOGRÁFICA DE LA BIBLIOTECA DEL CONGRESO
Número de clasificación F1219.1.M55
Número de documento/Ítem .G37 1985
100 1# - ENTRADA PRINCIPAL--NOMBRE DE PERSONA
Nombre de persona García Canclini, Néstor
9 (RLIN) 474
245 10 - MENCIÓN DE TÍTULO
Título Notas sobre las máscaras, danzas y fiestas de Michoacán
Mención de responsabilidad, etc. Néstor García Canclini [y] Amparo Sevilla Villalobos ; fotos Lourdes Grobet.
260 ## - PUBLICACIÓN, DISTRIBUCIÓN, ETC.
Lugar de publicación, distribución, etc. México
Nombre del editor, distribuidor, etc. Comite Editorial del Gobierno de Michoacán
Fecha de publicación, distribución, etc. 1985
300 ## - DESCRIPCIÓN FÍSICA
Extensión 77 p.
Otras características físicas il., fotografías, mapas
Dimensiones 18 cm.
500 ## - NOTA GENERAL
Nota general Au1727
504 ## - NOTA DE BIBLIOGRAFÍA, ETC.
Nota de bibliografía, etc. Bibliografía: p. 77
650 14 - PUNTO DE ACCESO ADICIONAL DE MATERIA--TÉRMINO DE MATERIA
Término de materia o nombre geográfico como elemento de entrada Indígenas de México
Subdivisión general Vida social y costumbres
Subdivisión geográfica Michoacán
9 (RLIN) 27084
650 14 - PUNTO DE ACCESO ADICIONAL DE MATERIA--TÉRMINO DE MATERIA
Término de materia o nombre geográfico como elemento de entrada Indígenas de México
Subdivisión general Danzas
Subdivisión geográfica Michoacán
9 (RLIN) 27085
650 14 - PUNTO DE ACCESO ADICIONAL DE MATERIA--TÉRMINO DE MATERIA
Término de materia o nombre geográfico como elemento de entrada Indígenas de México
Subdivisión general Festivales
Subdivisión geográfica Michoacán
9 (RLIN) 27086
650 14 - PUNTO DE ACCESO ADICIONAL DE MATERIA--TÉRMINO DE MATERIA
Término de materia o nombre geográfico como elemento de entrada Indígenas de México
Subdivisión general Máscaras
Subdivisión geográfica Michoacán
9 (RLIN) 27087
651 #4 - PUNTO DE ACCESO ADICIONAL DE MATERIA--NOMBRE GEOGRÁFICO
Nombre geográfico Michoacán
Subdivisión general Vida social y costumbres
9 (RLIN) 27088
700 1# - PUNTO DE ACCESO ADICIONAL--NOMBRE DE PERSONA
Nombre de persona Sevilla Villalobos, Amparo
9 (RLIN) 27089
700 1# - PUNTO DE ACCESO ADICIONAL--NOMBRE DE PERSONA
Nombre de persona Grobet, Lourdes
Término indicativo de función/relación il.
9 (RLIN) 5588
740 0# - PUNTO DE ACCESO ADICIONAL--TÍTULO RELACIONADO O ANALÍTICO NO CONTROLADO
Título relacionado o analítico no controlado Máscaras, danzas y fiestas de Michoacán
902 ## - CATALOGADOR
Iniciales GRL
942 ## - ELEMENTOS DE PUNTO DE ACCESO ADICIONAL (KOHA)
Fuente del sistema de clasificación o colocación Library of Congress Classification
Tipo de ítem Koha Libros
Holdings
Estado de retiro Estado de pérdida Estado dañado No para préstamo Localización permanente Ubicación/localización actual Fecha de adquisición Número de inventario Total de préstamos Signatura topográfica completa Código de barras Fecha visto por última vez Precio válido a partir de Tipo de ítem Koha
El ejemplar forma parte de la colección y puede ser consultado según las políticas vigentes.       Biblioteca Centro de Estudios Ruth D. Lechuga Biblioteca Centro de Estudios Ruth D. Lechuga 27/01/2014 Au1727   F1219.1.M55 .G37 1985 (Au1727) GRL01651 22/03/2019 22/03/2019 Libros